000 00318nam a2200145Ia 4500
999 _c14136
_d14136
003 OSt
005 20260326162822.0
008 260210s9999 xx 000 0 und d
020 _a9780500291351
082 _a747
100 _aCliff
245 4 _aThe Way We Live With Colour
260 _bT & H
942 _cBDES
_2ddc